| 000 | 00779nam a22002412 4500 | ||
|---|---|---|---|
| 001 | 74968 | ||
| 003 | BD-RjUL | ||
| 005 | 20211209082628.0 | ||
| 008 | 190103s1958 nyu 000 0 eng d | ||
| 035 | _aOCLC ocm02413766 from D971119M | ||
| 035 | _a(BD-RjUL)75186 | ||
| 040 |
_aTOL _cTOL _dEQO _dBD-RjUL _beng |
||
| 041 | _aeng | ||
| 082 |
_223 _a621.381 _bZBB 1958 |
||
| 100 | 1 |
_aZbar, Paul B., _d1911- _9161906 |
|
| 245 | 1 | 0 |
_aBasic electricity : _blaboratory manual for radio and television technicians / _c[by] Paul B. Zbar [and] Sid Schildkraut. |
| 250 | _a2d ed. | ||
| 260 |
_aNew York : _bMcGraw-Hill, _c1958. |
||
| 300 |
_a148 p.: _billus.; _c28 cm. |
||
| 650 | 0 |
_aElectronics _xLaboratory manuals. _9226518 |
|
| 700 | 1 |
_aSchildkraut, Sid. _d1921- _9226519 |
|
| 942 |
_2ddc _cBK |
||
| 999 |
_c74968 _d74968 |
||